|
|
|
|
| LEADER |
00000cam a22000004a 4500 |
| 001 |
musev2_48844 |
| 003 |
MdBmJHUP |
| 005 |
20230905045057.0 |
| 006 |
m o d |
| 007 |
cr||||||||nn|n |
| 008 |
161025r20172016nyu o 00 0 eng d |
| 020 |
|
|
|a 9781501706141
|
| 020 |
|
|
|z 9781501702464
|
| 020 |
|
|
|z 9781501706691
|
| 035 |
|
|
|a (OCoLC)962412814
|
| 040 |
|
|
|a MdBmJHUP
|c MdBmJHUP
|
| 100 |
1 |
|
|a Larsen, Kristin E.,
|d 1962-
|e author.
|
| 245 |
1 |
0 |
|a Community Architect :
|b The Life and Vision of Clarence S. Stein /
|c Kristin E. Larsen.
|
| 264 |
|
1 |
|a Ithaca :
|b Cornell University Press,
|c 2017.
|
| 264 |
|
3 |
|a Baltimore, Md. :
|b Project MUSE,
|c 2016
|
| 264 |
|
4 |
|c ©2017.
|
| 300 |
|
|
|a 1 online resource (360 pages):
|b illustrations (black and white), maps (black and white)
|
| 336 |
|
|
|a text
|b txt
|2 rdacontent
|
| 337 |
|
|
|a computer
|b c
|2 rdamedia
|
| 338 |
|
|
|a online resource
|b cr
|2 rdacarrier
|
| 500 |
|
|
|a Previously issued in print: 2016.
|
| 505 |
0 |
|
|a The garden city idea -- Early years and architectural training -- A thinkers' network and the City Housing Corporation -- The architect as houser -- The Radburn idea -- The regional city and town planning -- International initiatives and building a legacy.
|
| 520 |
8 |
|
|a Clarence S. Stein was an architect, housing visionary, regionalist, policymaker, and colleague of some of the most influential public figures of the early to mid 20th-century, including Lewis Mumford and Benton MacKaye. Kristin E. Larsen's biography examines his built and unbuilt projects and his intellectual legacy as a proponent of the 'garden city' for for a modern age.
|
| 521 |
|
|
|a Specialized.
|
| 588 |
|
|
|a Description based on print version record.
|
| 600 |
1 |
7 |
|a Stein, Clarence S.
|2 fast
|0 (OCoLC)fst00124143
|
| 600 |
1 |
0 |
|a Stein, Clarence S.
|
| 650 |
|
7 |
|a Garden cities.
|2 fast
|0 (OCoLC)fst00937799
|
| 650 |
|
7 |
|a City planners.
|2 fast
|0 (OCoLC)fst00862164
|
| 650 |
|
7 |
|a Architects.
|2 fast
|0 (OCoLC)fst00813114
|
| 650 |
|
7 |
|a HISTORY
|z United States
|y 20th Century.
|2 bisacsh
|
| 650 |
|
6 |
|a Cites-jardins
|z États-Unis
|x Histoire.
|
| 650 |
|
6 |
|a Urbanistes
|z États-Unis
|v Biographies.
|
| 650 |
|
6 |
|a Architectes
|z États-Unis
|v Biographies.
|
| 650 |
|
0 |
|a Garden cities
|z United States
|x History.
|
| 650 |
|
0 |
|a City planners
|z United States
|v Biography.
|
| 650 |
|
0 |
|a Architects
|z United States
|v Biography.
|
| 651 |
|
7 |
|a United States.
|2 fast
|0 (OCoLC)fst01204155
|
| 655 |
|
7 |
|a History.
|2 fast
|0 (OCoLC)fst01411628
|
| 655 |
|
7 |
|a Biographies.
|2 fast
|0 (OCoLC)fst01919896
|
| 655 |
|
7 |
|a Electronic books.
|2 local
|
| 710 |
2 |
|
|a Project Muse.
|e distributor
|
| 830 |
|
0 |
|a Book collections on Project MUSE.
|
| 856 |
4 |
0 |
|z Texto completo
|u https://projectmuse.uam.elogim.com/book/48844/
|
| 945 |
|
|
|a Project MUSE - Custom Collection
|
| 945 |
|
|
|a Project MUSE - 2016 Complete
|
| 945 |
|
|
|a Project MUSE - 2016 Global Cultural Studies
|